Les jumeaux célèbres (6) - Fiction - Statistiques

Statistiques générales
  • Ce quiz a été pris 41 fois
  • Le résultat moyen est 10 sur 20
Statistiques - réponses
Hint Explanation Réponse % Correct
Tweedledum De l'autre côté du miroir de Lewis Carroll Tweedledee
94%
Fred WEASLEY Harry Potter George
86%
Luke SKYWALKER Star Wars Leia Organa
86%
Brandon WALSH Série Beverley Hills 90210 Brenda
69%
Jaime LANNISTER Game of Thrones Cersei
69%
Parvati PATIL Harry Potter Padma
67%
Yvain BD de Patrick Cadot et Michel de Bom Yvon
67%
Wanda Maximoff Comics Marvel Pietro
61%
Elrond Le seigneur des anneaux Elros
53%
Porter SCAVO Série Desperate housewives Preston
53%
Patty BOUVIER Série les Simpson Selma
50%
Sheldon COOPER Série The big bang theory Missy
44%
Donald DUCK Chez Walt Disney Della
36%
Phoebe BUFFAY Friends Ursula
36%
Jacen SOLO Star Wars Jaina
31%
Dipper PINES Série Souvenirs de Gravity Falls Mabel
25%
Anubis Conte des deux frères Bata
22%
Aiden Steiner Série Teen Wolf Ethan
22%
Olive STONE Série Manifest Caleb
14%
Liam HENSTRIDGE Série La famille royale Eléanor
6%
Aucun quiz correspondant
Distribution des résultats
% des personnes avec chaque résultat
Percentile par nombre de réponses
Votre historique - résultats
Vous n’avez pas pris ce quiz